000 01212nam0a2200325 4500
001 RU\NLR\BIBL_A\011955822
005 20190401105109.0
010 _a978-5-9922-2828-1
_93000
021 _aRU
_bКН-П-19-008560
_9КН-П-19-0635
035 _a(NLR Aleph) 011955822
035 _a(RuMoRGB)009893698
090 _a11175067
_c11175067
100 _a20190307d2019 e y0rusy50 ca
101 0 _arus
102 _aRU
105 _aa z 000ay
200 1 _aКлючи ушедшего бога
_e[фантастический] роман
_fЮлия Фирсанова
_g[художник: В. Успенская]
210 _aМосква
_cАрмада & Альфа-Книга
_d2019
215 _a279, [3] с.
_cил.
_d21
300 _aДр. кн. авт. на 1-й с.
333 _a16+
686 2 _aШ6(2=Р)8-445
700 1 _aФирсанова
_bЮ. А.
_gЮлия Алексеевна
702 1 _4040
_7ca
_8rus
_aУспенская
_bВ. Ю.
_cхудожник
_f1964-
_gВера Юрьевна
_937785
_3RU\NLR\AUTH\7754853
942 _cBOOK
980 _aNBR
980 _aNB